| 000 | 00807cam a2200277 i 4500 | ||
|---|---|---|---|
| 999 |
_c8902 _d8902 |
||
| 001 | 8902 | ||
| 003 | BD-JhCC | ||
| 005 | 20180424181946.0 | ||
| 008 | 750428s2000 maua b 001 0 eng | ||
| 020 | _a0201054825 | ||
| 020 | _a9788177583779 | ||
| 035 | _a(BD-JhCC)8902 | ||
| 040 |
_aDLC _cDLC _dDLC _dICU |
||
| 041 | _aeng | ||
| 050 | 0 | 0 |
_aQC176 _b.O38 |
| 082 | 0 | 0 |
_a530.41 _bOMA 2000 |
| 100 | 1 | _aOmar, M. Ali. | |
| 245 | 1 | 0 |
_aElementary solid state physics : _bprinciples and applications / _cM. A. Omar. |
| 260 |
_aReading, Mass. : _bAddison-Wesley Pub. Co., _c[1975] |
||
| 300 |
_axv, 669 p. : _bill. ; _c24 cm. |
||
| 440 | 0 | _aAddison-Wesley series in solid state sciences | |
| 504 | _aIncludes bibliographies and index. | ||
| 650 | 0 | _aSolid state physics. | |
| 942 |
_2ddc _cBK |
||